00726nam a2200169 a 450000100100000000500170001000800410002704000250006808200160009310000320010924501230014126000670026430000270033104900090035895201720036799900170053900003221020200930063526.0110713s1944 dr ac 000 0 spa d aDO-SdBNPbspacBNPHU axxxxbM536f1 aMencia Lister, R. A.95829014aLas fiestas religiosas del centenario de la independencia :breseñas de los actos celebrados /cR. A. Mencia Lister. aCiudad Trujillo, República Dominicana :bLa Nación,c1944. a64 p. :bil. ;c21 cm. aBNPD 0010718PDaPDbPDcCTd2011-07-14iLF1l0oxxxx M536fp32210-10r2020-06-25w2020-06-25yLFPDzPerteneció a la biblioteca personal de Martínez BoogZNo se presta c31701d31701